000 00651nam a2200241Ia 4500
003 OSt
005 20220918201214.0
006 a|||||r|||| 00| 0
007 ta
008 220917b |||||||| |||| 00| 0 eng d
024 _a92,361
037 _cTextual
040 _aARTS
_cARTS
_beng
041 _2eng
_aeng
082 _aV1:19:N4, H4
100 _aSharp Walter R
_997457
245 0 _aContemporary international politics
260 _c1944
650 _aINTERNATIONAL RELATIONS; WORLD HISTORY
700 _a Kirk Grayson
_997458
942 _hV1:19:N4, H4
_cTEXL
_2CC
999 _c216015
_d216015